000
00332nam a2200133Ia 4500
008
240624s9999 xx 000 0 und d
041
_a
eng
082
_a
302 SAN
100
_a
SANDERSON CATHERINE A
245
_a
SOCIAL PSYCHOLOGY
260
_c
2011
_a
Delhi
_b
Wiley India
300
_a
xl, : 590 : p, : cm. ; 25
365
_c
RS
_b
33.5
999
_c
19113
_d
19113